008_ Personnalités nées un 8 janvier par images - Statistiques

Statistiques générales
  • Ce quiz a été pris 60 fois
  • Le résultat moyen est 5 sur 9
Statistiques - réponses
Par images Hint Réponse % Correct
Chanteur Pascal Obispo
98%
Chanteur Elvis Presley
93%
Chanteur David Bowie
86%
Dirigeant politique Kim Jong-un
81%
Scientifique Stephen Hawking
69%
Cycliste Jacqes Anquetil
25%
Chanteuse Noah Cyrus
7%
Peintre Jean-Baptiste de Jonghe
0%
Actrice Michelle Forbes
0%
Aucun quiz correspondant
Distribution des résultats
% des personnes avec chaque résultat
Percentile par nombre de réponses
Votre historique - résultats
Vous n’avez pas pris ce quiz